Bosquejo histórico de los partidos políticos chilenos.

Guardat en:
Dades bibliogràfiques
Autor principal: Edwards Vives, Alberto (autor)
Format: Llibre
Idioma:anglès
Publicat: Santiago, Chile: Del Pacífico, 1976.
Col·lecció:Colección Altamar,
Matèries:
Etiquetes: Afegir etiqueta
Sense etiquetes, Sigues el primer a etiquetar aquest registre!

MARC

LEADER 00000nam a22000007a 4500
003 CL-VaPUC
005 20220822114737.0
008 220727t1976 ||||| |||| 00| 0 eng d
999 |c 437678  |d 437676 
040 |c Pontificia Universidad Católica de Valparaíso 
082 0 4 |a 324.283 EDW 1936  |2 21 
100 |a Edwards Vives, Alberto  |e autor  |9 307776 
245 1 0 |a Bosquejo histórico de los partidos políticos chilenos. 
260 |a Santiago, Chile:  |b Del Pacífico,   |c 1976. 
300 |a 143 páginas 
490 0 |a Colección Altamar,   |n  10. 
500 |a c.1 Donación Familia Prof. Alejandro Guzmán Brito. 
583 |a last modification  |c 19991029 00:00:00  |k Yessy Sthefany Diaz Vidal 
650 0 |a Partidos políticos  |z Chile  |9 254999 
650 0 |a Política y gobierno  |2 CL-VaPUC  |9 255151  |z Chile  |x Historia  
650 0 |a Historia política  |z Chile  |9 256974 
852 |a BIBCUR 
942 |c BK  |2 ddc  |n 0 
952 |0 0  |1 0  |2 ddc  |4 0  |6 324_283000000000000_EDW_1936  |7 0  |8 C_AGB  |9 585468  |a BIBDER  |b BIBDER  |d 2022-07-27  |e Donación   |i 5653404  |o 324.283 EDW 1936  |p 5653404  |r 2023-01-25  |t 1  |w 2022-07-27  |y BK_US  |k AGB